History Quiz

Random History or Country Quiz

Countries That Fought in the Korean War Quiz Stats

Quiz Updated Dec 2, 2012

Challenge
Share
Tweet
Embed
Score 0/20 Timer 04:00
7 Plays Today
Combatants Country % Correct
480,000United States
99.5%
926,000China
98.6%
280,000North Korea
97.5%
590,911South Korea
97.4%
26,000Soviet Union
95.6%
63,000United Kingdom
94.3%
3,421France
94.1%
26,791Canada
88.5%
17,000Australia
83.3%
1,389New Zealand
68.8%
Combatants Country % Correct
3,972Netherlands
54.9%
900Belgium
54.4%
5,455Turkey
53.6%
2,163Greece
52.8%
826Union of South Africa
46.5%
1,273Thailand
44.6%
7,430Philippines
40.7%
44Luxembourg
26.1%
1,068Colombia
22.4%
1,271Ethiopia
11.1%

You're not logged in!

Compare scores with friends on all Sporcle quizzes.
Join for Free
OR
Log In

You Might Also Like...

Show Comments

Extras

Top Quizzes Today


Score Distribution

Your Account Isn't Verified!

In order to create a playlist on Sporcle, you need to verify the email address you used during registration. Go to your Sporcle Settings to finish the process.

Report this User

Report this user for behavior that violates our Community Guidelines.

Details: